000 00325nam a2200133Ia 4500
005 20260328104314.0
008 260328s9999||||xx |||||||||||||| ||und||
100 _aGómez, Valentin
245 0 _aMi Casita /
_cValentin Gómez
260 _bConstrucciones sudamericanas
300 _a245 p.
650 _aCASAS
942 _cBK
999 _c11080
_d11080